000 00646nam a22001937a 4500
003 OSt
005 20180116183042.0
008 160224b xxu||||| |||| 00| 0 eng d
020 _a16-298-2014-2
024 _216-298-2014-2
040 _cLahore University of Management Sciences
082 _a174.4 LUM 2014
100 _aMAHMUD T
245 _aEVOLUTION OF CIVIL SERVICE IN THE SUBCONTINENT - PHILOSOPHIC UNDERPINNINGS AND COLONIAL STEELFRAME
_c MAHMUD T
260 _c2014
300 _a14 p.
_bPapers
440 _aEVOLUTION OF CIVIL SERVICE IN THE SUBCONTINENT - PHILOSOPHIC UNDERPINNINGS AND COLONIAL STEELFRAME
942 _2ddc
_cCS
999 _c351299
_d351299